000 00741nam a2200229Ia 4500
003 GCL
008 140319s9999 xx 000 0 ara d
040 _aGCL /
_cGCL
082 0 4 _a321.4
_bم ن
100 1 _aمنير شفيق
245 1 0 _aالنظام الدولى الجديد /
_cمنير شفيق
260 _a[S.N] :
_bالناشر للطباعة والنشر والتوزيع ،
_c1992
300 _a164 ص
490 _a
650 0 4 _aالنزاع العربى الاسرائيلى
650 0 4 _aالسياسة الدولية
650 0 4 _aالقضية الفلسطينية
650 0 4 _aالديمقراطية
650 0 4 _aحرب الخليج
650 0 4 _aالنظام العالمى الحديث
942 _2ddc
_cBK
999 _c29413
_d29413